[Event "Elit(Solna-LASK)"]
[Site "?"]
[Date "2014.11.23"]
[Round "3"]
[White "Nilsson, Sebastian"]
[Black "Lindborg, Petter"]
[Result "1-0"]
[WhiteElo "2315"]
[BlackElo "2263"]
[PlyCount "75"]

1. e4 e6 2. d4 d5 3. Nc3 Bb4 4. e5 Ne7 5. a3 Bxc3+ 6. bxc3 c5 7. Qg4 Kf8 8. Bd2
Qc7 9. Bd3 b6 10. Nh3 Ba6 11. Nf4 Bxd3 12. cxd3 cxd4 13. cxd4 Nbc6 14. O-O Qd7
15. Nh5 Nf5 16. Rfc1 a5 17. Rab1 Rb8 18. Kf1 Qb7 19. Qf4 h6 20. g4 Nfe7 21. Ke2
Rc8 22. Rb2 Rg8 23. a4 Ke8 24. Rb3 Rb8 25. Bc3 Qd7 26. Rcb1 Qc7 27. Qd2 Kd7 28.
f4 Qa7 29. Qb2 Kc7 30. Qa3 Rbd8 31. Ke3 Nc8 32. Qc1 Kb8 33. Bb2 Qd7 34. Ba3 Ka7
35. Qb2 Qc7 36. Bc5 Rd7 37. Rxb6 Ka8 38. Ra6+ 1-0

[Event "Elit(Solna-LASK)"]
[Site "?"]
[Date "2014.11.23"]
[Round "3"]
[White "Steneskog, Per"]
[Black "Smith, Axel"]
[Result "0-1"]
[WhiteElo "2213"]
[BlackElo "2475"]
[PlyCount "80"]

1. d4 Nf6 2. c4 g6 3. Nc3 d5 4. Nf3 Bg7 5. e3 O-O 6. Be2 c5 7. O-O cxd4 8. exd4
Nc6 9. Re1 Bf5 10. Bg5 dxc4 11. Bxc4 Rc8 12. Bb3 h6 13. Be3 Na5 14. Ne5 Nxb3
15. Qxb3 Qc7 16. Bf4 Qb6 17. Qxb6 axb6 18. f3 g5 19. Be3 Be6 20. Bf2 Rfe8 21.
Ng6 Kh7 22. Nxe7 Rxe7 23. d5 Rxc3 24. bxc3 Nxd5 25. Bd4 Nxc3 26. Bxg7 Kxg7 27.
Re3 Rc7 28. a3 Nd5 29. Re2 Rc3 30. Rb2 Ne3 31. a4 Nd5 32. Kf2 Bd7 33. Kg3 g4
34. a5 gxf3 35. gxf3 bxa5 36. Rxb7 Bc6 37. Ra7 a4 38. Ra6 Nc7 39. Rxc6 Rxc6 40.
Rxa4 Ne6 0-1

[Event "Elit(Solna-LASK)"]
[Site "?"]
[Date "2014.11.23"]
[Round "3"]
[White "Dragicevic, Drazen"]
[Black "Landgren, Andreas"]
[Result "1/2-1/2"]
[WhiteElo "2281"]
[BlackElo "2244"]
[PlyCount "118"]

1. Nf3 d5 2. g3 c5 3. Bg2 Nc6 4. d4 e6 5. O-O Nf6 6. c4 dxc4 7. Qa4 Bd7 8. Qxc4
cxd4 9. Nxd4 Rc8 10. Rd1 Nxd4 11. Qxd4 Bc5 12. Qf4 Qb6 13. Nc3 O-O 14. e3 Bc6
15. Na4 Qb4 16. Nxc5 Qxc5 17. e4 Rfd8 18. Bd2 e5 19. Qe3 Qc2 20. Qc3 Bxe4 21.
Bxe4 Qxe4 22. Qe3 Qc2 23. Rdc1 Qxb2 24. Bc3 Qb5 25. Rab1 Qd5 26. Qxe5 b6 27.
Qxd5 Nxd5 28. Be5 f6 29. Rxc8 Rxc8 30. Rd1 Nb4 31. a3 Na6 32. Bf4 Nc5 33. Be3
Rc7 34. Rd8+ Kf7 35. Rh8 h6 36. Bxh6 Ne6 37. Be3 Rc3 38. Ra8 Rxa3 39. Bxb6 a6
40. h4 Kg6 41. Kg2 Rc3 42. Ra7 Rc6 43. Be3 Nc7 44. g4 Nd5 45. Bd2 Rc2 46. h5+
Kh7 47. Ba5 f5 48. gxf5 Nf4+ 49. Kf3 Nxh5 50. Bd8 Rc6 51. Be7 Kh6 52. Ra8 Nf6
53. Bxf6 Rxf6 54. Kg4 g6 55. fxg6 Rxf2 56. Rxa6 Rg2+ 57. Kf5 Rg5+ 58. Kf4 Rxg6
59. Rxg6+ Kxg6 1/2-1/2

[Event "Elit(Solna-LASK)"]
[Site "?"]
[Date "2014.11.23"]
[Round "3"]
[White "Lundvik, Jonas"]
[Black "Olsson, Linus"]
[Result "0-1"]
[WhiteElo "2211"]
[BlackElo "2253"]
[PlyCount "122"]

1. d4 d5 2. c4 e6 3. Nf3 c6 4. e3 f5 5. Nc3 Nf6 6. Be2 Bd6 7. O-O O-O 8. Rb1
Ne4 9. Qc2 Bd7 10. b4 a6 11. a4 Nxc3 12. Qxc3 b5 13. c5 Bc7 14. Ne5 Bxe5 15.
dxe5 Be8 16. Bd2 Ra7 17. Qb2 g5 18. g3 h5 19. h3 h4 20. g4 Bg6 21. Ra1 Raf7 22.
Bc3 fxg4 23. Bxg4 Bf5 24. Qe2 Nd7 25. axb5 axb5 26. Kg2 Qc7 27. f4 Rg7 28. Bxf5
Rxf5 29. Kh2 Nf8 30. Bd2 gxf4 31. exf4 Ng6 32. Rg1 Qf7 33. Kh1 Nxf4 34. Qe3 d4
35. Qxd4 Ng6 36. Bh6 Rf2 37. Qg4 Qd7 38. Rad1 Qf7 39. Bxg7 Kxg7 40. Qe4 Qf3+
41. Qxf3 Rxf3 42. Rg4 Rxh3+ 43. Kg2 Re3 44. Rd6 Rxe5 45. Rxc6 Kf6 46. Rb6 Re2+
47. Kf1 Rc2 48. Rxb5 h3 49. Kg1 Kf5 50. Rg3 Nf4 51. Kh1 e5 52. Rb8 Ke4 53. Rd8
Rc4 54. Rb3 Rc1+ 55. Kh2 Rc2+ 56. Kh1 Rc1+ 57. Kh2 Rc2+ 58. Kg3 Rg2+ 59. Kh4 h2
60. Rb1 Rg1 61. Rbd1 h1=R# 0-1

[Event "Elit(Kungstornet-Farsta)"]
[Site "?"]
[Date "2014.11.23"]
[Round "3"]
[White "Urkedal, Frode"]
[Black "Lyrberg, Patrik"]
[Result "1-0"]
[WhiteElo "2514"]
[BlackElo "2459"]
[PlyCount "93"]

1. d4 e6 2. c4 Bb4+ 3. Bd2 Bxd2+ 4. Qxd2 d6 5. Nf3 Nd7 6. Nc3 Ne7 7. g3 e5 8.
Bg2 Nc6 9. O-O a5 10. Rfd1 O-O 11. Rac1 Re8 12. dxe5 Ncxe5 13. Nxe5 Rxe5 14.
Qf4 Rb8 15. Rd5 b6 16. Rcd1 Re8 17. R5d2 Bb7 18. Nd5 Nc5 19. b3 Qd7 20. h4 Ba8
21. Qd4 Qc8 22. h5 h6 23. Qh4 Bxd5 24. Bxd5 Re5 25. Bf3 b5 26. cxb5 Rxb5 27.
Rd5 Nd7 28. Rxb5 Rxb5 29. Rc1 Rc5 30. Rxc5 Nxc5 31. b4 axb4 32. Qxb4 Qd7 33.
Qb8+ Kh7 34. Qa8 g5 35. hxg6+ fxg6 36. Bd5 h5 37. Qg8+ Kh6 38. Bf7 Qf5 39. Qh8+
Kg5 40. Qd8+ Kh6 41. Qf8+ Kg5 42. Qe7+ Kh6 43. f4 Nd7 44. Bg8 Nf8 45. e4 Qc8
46. Qf6 Nh7 47. Qh8 1-0

[Event "Elit(Kungstornet-Farsta)"]
[Site "?"]
[Date "2014.11.23"]
[Round "3"]
[White "Cicak, Slavko"]
[Black "Ernst, Thomas"]
[Result "0-1"]
[WhiteElo "2515"]
[BlackElo "2361"]
[PlyCount "92"]

1. e4 e5 2. Nf3 Nc6 3. Bb5 a6 4. Ba4 Nf6 5. d3 d6 6. a3 Be7 7. O-O O-O 8. Nc3
Bg4 9. Be3 Nd4 10. Bxd4 exd4 11. Nb1 c5 12. h3 Bc8 13. c3 dxc3 14. Nxc3 b5 15.
Bc2 Bb7 16. Re1 d5 17. e5 Nh5 18. d4 g6 19. Qd2 c4 20. g3 Ng7 21. Nh2 Bc6 22.
Bd1 a5 23. Bf3 b4 24. Ne2 Ne6 25. h4 bxa3 26. bxa3 Rb8 27. Nc3 Rb3 28. Ng4 h5
29. Ne3 Bxa3 30. Nexd5 Kg7 31. Re3 Bb4 32. Nxb4 axb4 33. d5 bxc3 34. Rxc3 Nc7
35. Rd1 Bxd5 36. Rxb3 cxb3 37. Bxd5 Qxd5 38. Qxd5 Nxd5 39. Rxd5 Rb8 40. Rd1 b2
41. Rb1 Kf8 42. e6 f6 43. Kg2 Ke7 44. f3 Kxe6 45. g4 Ke5 46. Kg3 Rb3 0-1

[Event "Elit(Kungstornet-Farsta)"]
[Site "?"]
[Date "2014.11.23"]
[Round "3"]
[White "Sammalvuo, Tapani"]
[Black "Larsson, Anders"]
[Result "1-0"]
[WhiteElo "2441"]
[BlackElo "2316"]
[PlyCount "69"]

1. d4 Nf6 2. c4 g6 3. Nc3 Bg7 4. e4 O-O 5. Be3 d6 6. f3 Nbd7 7. Nh3 e5 8. d5
Ne8 9. Nf2 f5 10. g3 Nef6 11. g4 fxg4 12. fxg4 Nc5 13. Be2 a5 14. g5 Nfd7 15.
h4 Nb6 16. Qd2 Bd7 17. b3 Na6 18. Rb1 Qe7 19. a3 Nc5 20. b4 axb4 21. axb4 Nca4
22. c5 Nxc3 23. Qxc3 Na4 24. Qb3 b5 25. c6 Bc8 26. Bxb5 Nb6 27. Be2 Rf4 28. Kf1
h6 29. Bxf4 exf4 30. gxh6 Bd4 31. Qd3 Qf6 32. Rd1 Be3 33. h5 Ra2 34. e5 Qf5 35.
hxg6 1-0

[Event "Elit(Kungstornet-Farsta)"]
[Site "?"]
[Date "2014.11.23"]
[Round "3"]
[White "von Bahr, Oskar"]
[Black "Degerman, Lars"]
[Result "1-0"]
[WhiteElo "2337"]
[BlackElo "2476"]
[PlyCount "119"]

1. c4 e6 2. g3 d5 3. Bg2 Nf6 4. Nf3 c5 5. O-O Nc6 6. b3 Be7 7. e3 O-O 8. Bb2 b6
9. Nc3 Bb7 10. cxd5 Nxd5 11. Nxd5 Qxd5 12. d4 Rad8 13. Ne5 Qd6 14. Rc1 Nxe5 15.
Bxb7 Qb8 16. Bg2 cxd4 17. exd4 Ng6 18. f4 Bf6 19. f5 exf5 20. Rxf5 Qd6 21. Rc6
Qe7 22. Qd2 Rfe8 23. Rc1 Qe3+ 24. Qxe3 Rxe3 25. Kf2 Re7 26. Rd5 Rxd5 27. Bxd5
Rd7 28. Rc8+ Nf8 29. Ba3 Bd8 30. Bc6 Rxd4 31. Ke3 Ne6 32. Bb2 Rd1 33. Ke2 Rb1
34. Bc3 Rc1 35. Kd2 Rxc3 36. Kxc3 Kf8 37. Bd7 Ke7 38. Bxe6 fxe6 39. Ra8 a5 40.
Ra7+ Kd6 41. Kc4 Bf6 42. Kb5 Bd4 43. Rf7 h6 44. g4 Kd5 45. Rd7+ Ke4 46. Kc4 Bf6
47. Rd6 e5 48. Rxb6 Kf3 49. b4 axb4 50. Rxb4 e4 51. Rb1 Kxg4 52. a4 Bd8 53. Kd4
Kf3 54. Rf1+ Kg2 55. Rf8 Bb6+ 56. Kxe4 Kxh2 57. Rb8 Ba5 58. Rb5 Be1 59. Kf3 g5
60. Kg4 1-0

[Event "Elit(Kungstornet-Farsta)"]
[Site "?"]
[Date "2014.11.23"]
[Round "3"]
[White "Livner, Anders"]
[Black "Aronsson, Marten"]
[Result "0-1"]
[WhiteElo "2328"]
[BlackElo "2278"]
[PlyCount "74"]

1. d4 d5 2. c4 c6 3. Nf3 Nf6 4. e3 Bg4 5. cxd5 cxd5 6. Nc3 Qb6 7. Bd3 Nc6 8.
Bd2 e6 9. Rc1 Nd7 10. Na4 Qc7 11. b4 a6 12. Qb3 Bd6 13. Nc5 O-O 14. Qc2 Bxc5
15. dxc5 Bxf3 16. gxf3 f5 17. f4 Nf6 18. a4 Qf7 19. b5 axb5 20. axb5 Ne7 21.
Bc3 Qh5 22. Qe2 Qh4 23. Qf3 Rfc8 24. Bd4 Ra3 25. Qe2 Ng4 26. Rd1 Rca8 27. h3
Ra2 28. Rd2 Rxd2 29. Qxd2 Ra3 30. Bc2 Ra2 31. c6 bxc6 32. b6 c5 33. Bxc5 Nc6
34. Rf1 Qxh3 35. Qc3 Nh2 36. Bd3 Nxf1 37. Bxf1 Qf3 0-1

[Event "Elit(Kungstornet-Farsta)"]
[Site "?"]
[Date "2014.11.23"]
[Round "3"]
[White "Wikner, Arvid"]
[Black "Svensk, Ingemar"]
[Result "0-1"]
[WhiteElo "2282"]
[BlackElo "2245"]
[PlyCount "82"]

1. e4 d6 2. d4 Nf6 3. Nc3 e5 4. Nf3 Nbd7 5. Be2 Be7 6. O-O O-O 7. h3 c6 8. a4
a5 9. Be3 Qe8 10. Re1 Bd8 11. dxe5 dxe5 12. Bc4 Qe7 13. Ra3 Bb6 14. Nh4 Bxe3
15. Rxe3 Qb4 16. Qe2 Nc5 17. Nf5 Be6 18. Bxe6 fxe6 19. Na2 Qxb2 20. Qc4 Nfxe4
21. Rxe4 Nxe4 22. Qxe6+ Kh8 23. Rd3 Nc5 24. Qe7 e4 25. Rd4 Ne6 26. Qxe6 Rxf5
27. Rxe4 Rf6 28. Qb3 Qxb3 29. cxb3 Rd6 30. Nc3 Rd3 31. Rc4 Re8 32. Rc5 Kg8 33.
Kf1 b5 34. f3 b4 35. Ne4 Rxb3 36. Rxa5 Rb8 37. Rc5 Ra3 38. Rxc6 b3 39. Rc1 b2
40. Rb1 Ra1 41. Nd2 Rd8 0-1

[Event "Elit(Kungstornet-Farsta)"]
[Site "?"]
[Date "2014.11.23"]
[Round "3"]
[White "Lissang, Christopher"]
[Black "Backlund, Anders"]
[Result "1/2-1/2"]
[WhiteElo "2252"]
[BlackElo "2258"]
[PlyCount "36"]

1. d4 e6 2. Nf3 c5 3. c4 cxd4 4. Nxd4 Nf6 5. Nc3 a6 6. g3 Qc7 7. Bg2 Be7 8. O-O
O-O 9. e4 d6 10. Be3 Nbd7 11. Rc1 Rb8 12. f4 Re8 13. g4 Nb6 14. b3 Bf8 15. g5
Nfd7 16. Qd2 Nc5 17. Kh1 Bd7 18. Rf2 Rbd8 1/2-1/2

[Event "Elit(Kungstornet-Farsta)"]
[Site "?"]
[Date "2014.11.23"]
[Round "3"]
[White "Henriksson, Johan"]
[Black "Hjelm, Niclas"]
[Result "1/2-1/2"]
[WhiteElo "2267"]
[BlackElo "2325"]
[PlyCount "67"]

1. d4 d5 2. Nf3 Nf6 3. c4 c6 4. g3 g6 5. Bg2 Bg7 6. O-O O-O 7. Ne5 Ng4 8. cxd5
cxd5 9. Nxg4 Bxg4 10. Nc3 Nc6 11. h3 Bd7 12. Nxd5 e6 13. Nc3 Nxd4 14. Bxb7 Rb8
15. Bg2 Qc7 16. Rb1 Rfc8 17. Bf4 e5 18. Bg5 Bc6 19. Nd5 Bxd5 20. Bxd5 Qd7 21.
Bg2 Rc2 22. e3 Ne2+ 23. Kh2 Rd2 24. Qe1 f6 25. Bf3 Qd3 26. Be4 Qd6 27. Rd1 Rxd1
28. Qxd1 Qxd1 29. Rxd1 fxg5 30. Rd2 Nd4 31. exd4 exd4 32. Rc2 d3 33. Bxd3 Rxb2
34. Rxb2 1/2-1/2

[Event "Elit(Eksjo-Rockaden,Sthlm)"]
[Site "?"]
[Date "2014.11.23"]
[Round "3"]
[White "Wiedenkeller, Michael"]
[Black "Carlsson, Pontus"]
[Result "0-1"]
[WhiteElo "2471"]
[BlackElo "2492"]
[PlyCount "58"]

1. c4 e5 2. g3 c6 3. d4 e4 4. Nc3 d5 5. Nh3 h6 6. Bg2 Nf6 7. cxd5 cxd5 8. f3
Bb4 9. O-O O-O 10. fxe4 Bxc3 11. bxc3 dxe4 12. c4 b6 13. d5 Nbd7 14. Ba3 Re8
15. Qd4 Ba6 16. Nf2 Ne5 17. Nxe4 Nxe4 18. Bxe4 Nxc4 19. Bc1 Nd6 20. Bf3 Bxe2
21. Bxe2 Rxe2 22. Bxh6 Qf8 23. Bf4 Qe7 24. Bxd6 Qxd6 25. Rf2 Rae8 26. Raf1 R2e4
27. Qd2 f6 28. Rc1 R4e5 29. Rd1 Rd8 0-1

[Event "Elit(Eksjo-Rockaden,Sthlm)"]
[Site "?"]
[Date "2014.11.23"]
[Round "3"]
[White "Rasmussen, Allan Stig"]
[Black "Blomqvist, Erik"]
[Result "0-1"]
[WhiteElo "2527"]
[BlackElo "2512"]
[PlyCount "72"]

1. Nf3 d5 2. c4 c6 3. e3 Bg4 4. h3 Bxf3 5. Qxf3 Nf6 6. b3 e6 7. Bb2 Nbd7 8. g4
Bd6 9. Nc3 Nc5 10. d3 O-O 11. g5 Nfd7 12. d4 Ne4 13. Nxe4 dxe4 14. Qxe4 Qa5+
15. Kd1 Qxg5 16. f4 Qg3 17. Ke2 Qh4 18. Rg1 g6 19. Bg2 Rad8 20. Bc3 Rfe8 21. b4
Bf8 22. Rac1 Bg7 23. Be1 Qe7 24. Qb1 Qd6 25. Bh4 Bf6 26. c5 Qe7 27. Bg3 a6 28.
a4 Bh4 29. Bh2 Nf6 30. Qb3 Nd5 31. e4 Qf6 32. exd5 exd5+ 33. Kd3 Bf2 34. Qb2
Qf5+ 35. Kd2 Be3+ 36. Kc3 Bxd4+ 0-1

[Event "Elit(Eksjo-Rockaden,Sthlm)"]
[Site "?"]
[Date "2014.11.23"]
[Round "3"]
[White "Socko, Bartosz"]
[Black "Gdanski, Jacek"]
[Result "1-0"]
[WhiteElo "2614"]
[BlackElo "2500"]
[PlyCount "65"]

1. d4 Nf6 2. c4 c5 3. Nf3 cxd4 4. Nxd4 Nc6 5. g3 d6 6. Bg2 Bd7 7. O-O g6 8. b3
Bg7 9. Bb2 O-O 10. e3 Nxd4 11. exd4 d5 12. Nd2 Bc6 13. Re1 dxc4 14. bxc4 Bxg2
15. Kxg2 Ne8 16. Nf3 Nd6 17. Qb3 e6 18. Ba3 Qc7 19. Rac1 Rfd8 20. d5 exd5 21.
cxd5 Qb6 22. Qa4 Nb5 23. Bc5 Qa6 24. Qb3 b6 25. Be7 Rd7 26. d6 Nxd6 27. Bxd6
Rxd6 28. Rc7 Rf8 29. Ree7 Rf6 30. Ng5 b5 31. Nxf7 Qb6 32. Ne5+ Kh8 33. f4 1-0

[Event "Elit(Eksjo-Rockaden,Sthlm)"]
[Site "?"]
[Date "2014.11.23"]
[Round "3"]
[White "Ornstein, Axel"]
[Black "Hedman, Erik"]
[Result "1/2-1/2"]
[WhiteElo "2335"]
[BlackElo "2370"]
[PlyCount "40"]

1. Nf3 c5 2. c4 Nc6 3. d4 cxd4 4. Nxd4 Nf6 5. Nc3 e6 6. a3 Qc7 7. Bg5 a6 8. e3
Qa5 9. Bxf6 gxf6 10. g3 f5 11. Bg2 Bg7 12. O-O O-O 13. Nxc6 bxc6 14. b4 Qe5 15.
Rc1 d5 16. Na4 Ra7 17. Nc5 Qb8 18. Qa4 Qb6 19. Rc2 Bf6 20. Rfc1 Rd8 1/2-1/2

[Event "Elit(Eksjo-Rockaden,Sthlm)"]
[Site "?"]
[Date "2014.11.23"]
[Round "3"]
[White "Barkhagen, Jonas"]
[Black "Vernersson, Per"]
[Result "1/2-1/2"]
[WhiteElo "2438"]
[BlackElo "2302"]
[PlyCount "67"]

1. d4 d5 2. c4 e6 3. Nc3 Be7 4. Nf3 Nf6 5. Bg5 Nbd7 6. cxd5 exd5 7. e3 O-O 8.
Qc2 c6 9. Bd3 Re8 10. O-O Nf8 11. h3 Nh5 12. Bxe7 Qxe7 13. Rab1 Nf6 14. b4 b5
15. Rfe1 Bd7 16. e4 dxe4 17. Nxe4 Nxe4 18. Bxe4 Qd6 19. Qc5 Qxc5 20. dxc5 Rxe4
21. Rxe4 Bf5 22. Rbe1 Bxe4 23. Rxe4 Ne6 24. Ne5 Rc8 25. Re3 f6 26. Nf3 Kf7 27.
Nd2 Rd8 28. Ne4 Rd1+ 29. Kh2 f5 30. Nd6+ Kf6 31. Ne8+ Kf7 32. Nd6+ Kf6 33. Ne8+
Kf7 34. Nd6+ 1/2-1/2

[Event "Elit(Eksjo-Rockaden,Sthlm)"]
[Site "?"]
[Date "2014.11.23"]
[Round "3"]
[White "Bejtovic, Jasmin"]
[Black "Engqvist, Thomas"]
[Result "1/2-1/2"]
[WhiteElo "2380"]
[BlackElo "2353"]
[PlyCount "72"]

1. e4 c6 2. d4 d5 3. exd5 cxd5 4. c4 Nf6 5. Nc3 Nc6 6. Nf3 Bg4 7. cxd5 Nxd5 8.
Be2 e6 9. h3 Bh5 10. O-O Be7 11. Qb3 Qb6 12. Nxd5 Qxb3 13. axb3 exd5 14. g4 Bg6
15. Bb5 f6 16. Be3 Kd7 17. Rfc1 Rhc8 18. Nh4 Bf7 19. Ng2 a6 20. Be2 Bd8 21. Bf3
g5 22. Ne1 Bb6 23. Rd1 Kd6 24. Ra4 Bg6 25. Nd3 Bxd3 26. Rxd3 Na7 27. Bd2 Nc6
28. Bg2 a5 29. Bc3 Bc7 30. Rf3 Rf8 31. Ra1 Rae8 32. h4 h6 33. Rf5 Ne7 34. Rf3
Nc6 35. Rf5 Ne7 36. Rf3 Nc6 1/2-1/2

[Event "Elit(Eksjo-Rockaden,Sthlm)"]
[Site "?"]
[Date "2014.11.23"]
[Round "3"]
[White "Malesevic, Nedeljko"]
[Black "Lokander, Martin"]
[Result "1-0"]
[WhiteElo "2248"]
[BlackElo "2362"]
[PlyCount "83"]

1. d4 Nf6 2. c4 g6 3. Nc3 Bg7 4. e4 d6 5. Bd3 O-O 6. h3 c5 7. d5 e6 8. Nf3 exd5
9. exd5 Re8+ 10. Be3 Nfd7 11. O-O Ne5 12. Nxe5 Bxe5 13. Qd2 Na6 14. Rae1 f5 15.
Bg5 Qa5 16. Bf6 Kf7 17. Bxe5 dxe5 18. f4 e4 19. Nxe4 Qxd2 20. Nxd2 Bd7 21. Nf3
Kg7 22. Ne5 Rad8 23. Nxd7 Rxe1 24. Rxe1 Rxd7 25. Bc2 Kf7 26. Kf2 b5 27. b3 bxc4
28. bxc4 Rb7 29. Ba4 Rb2+ 30. Re2 Rxe2+ 31. Kxe2 h6 32. a3 Nc7 33. Bc6 Ke7 34.
g4 h5 35. gxh5 gxh5 36. Kd3 h4 37. Kc3 Kd6 38. Kb3 Ke7 39. Ka4 Kf6 40. Bd7 Na8
41. Kb5 Nb6 42. Be6 1-0

[Event "Elit(Eksjo-LASK)"]
[Site "?"]
[Date "2015.01.17"]
[Round "4"]
[White "Grandelius, Nils"]
[Black "Bejtovic, Jasmin"]
[Result "1-0"]
[WhiteElo "2602"]
[BlackElo "2372"]
[PlyCount "125"]
[SourceDate "2015.01.18"]

1. d4 Nf6 2. Nf3 g6 3. c4 Bg7 4. Nc3 O-O 5. e4 d6 6. Be2 c5 7. O-O cxd4 8. Nxd4
Nc6 9. Be3 Nxd4 10. Bxd4 Bd7 11. Qd3 a5 12. Rad1 Bc6 13. b3 Nd7 14. Bxg7 Kxg7
15. Qd4+ Kg8 16. Bg4 Nf6 17. Bh3 Qb8 18. f4 Qa7 19. e5 dxe5 20. fxe5 Ne4 21.
Nd5 Bxd5 22. cxd5 Nc3 23. Qxa7 Rxa7 24. Rd2 b5 25. g3 Rd8 26. Rdf2 Rxd5 27.
Rxf7 Rxe5 28. Rf8+ Kg7 29. R1f7+ Kh6 30. Rh8 Kg5 31. Rhxh7 Rc7 32. Bf1 Nd5 33.
Rf2 Rf5 34. h4+ Kf6 35. g4 Rxf2 36. Kxf2 Rc2+ 37. Kf3 Rxa2 38. Bxb5 e6 39. Bd3
Rb2 40. Ke4 Nc3+ 41. Kd4 Ne2+ 42. Ke3 Nc3 43. Kd4 Ne2+ 44. Ke3 Nc3 45. Bc4 Ke5
46. Ra7 Nd5+ 47. Kf3 Ra2 48. g5 Rc2 49. Rxa5 Rc3+ 50. Kg4 Rc1 51. Bd3 Rg1+ 52.
Kf3 Rh1 53. Kg3 Kd4 54. Bxg6 Ke3 55. b4 Rg1+ 56. Kh2 Rg4 57. Ra3+ Kf2 58. Ra2+
Ke3 59. Re2+ Kxe2 60. Bh5 Kf3 61. b5 Nf4 62. Bxg4+ Kxg4 63. b6 1-0

[Event "Elit(Eksjo-LASK)"]
[Site "?"]
[Date "2015.01.17"]
[Round "4"]
[White "Carlsson, Pontus"]
[Black "Tikkanen, Hans"]
[Result "1/2-1/2"]
[WhiteElo "2465"]
[BlackElo "2543"]
[PlyCount "58"]
[SourceDate "2015.01.17"]

1. e4 e6 2. d4 d5 3. Nd2 Nf6 4. e5 Nfd7 5. Bd3 c5 6. c3 Nc6 7. Ne2 cxd4 8. cxd4
f6 9. exf6 Nxf6 10. Nf3 Bd6 11. O-O O-O 12. Bf4 Bxf4 13. Nxf4 Ng4 14. g3 g5 15.
Ng2 Qf6 16. Be2 Qh6 17. h4 gxh4 18. Ngxh4 a6 19. Rc1 Bd7 20. Rc3 Rf7 21. Qc1
Raf8 22. Qxh6 Nxh6 23. Rd1 Nf5 24. Ng2 Rg7 25. Kf1 Be8 26. Nf4 Rf6 27. Rd2 Rh6
28. Kg2 Rf6 29. Kf1 Rh6 1/2-1/2

[Event "Elit(Eksjo-LASK)"]
[Site "?"]
[Date "2015.01.17"]
[Round "4"]
[White "Hillarp Persson, Tiger"]
[Black "Gdanski, Jacek"]
[Result "1/2-1/2"]
[WhiteElo "2539"]
[BlackElo "2500"]
[PlyCount "89"]

1. d4 Nf6 2. c4 g6 3. Nc3 Bg7 4. e4 d6 5. Nge2 O-O 6. Ng3 c6 7. Be2 a6 8. O-O
b5 9. Re1 Nbd7 10. a3 e5 11. d5 cxd5 12. cxd5 h5 13. Nf1 Kh7 14. b4 Nb6 15. Bg5
Bh6 16. Qd2 Bxg5 17. Qxg5 Bd7 18. Nd2 Ng4 19. Qxd8 Rfxd8 20. h3 Nf6 21. f4 exf4
22. Rf1 Rac8 23. Rxf4 Rxc3 24. Rxf6 Be8 25. Kf2 Kg7 26. Rf3 Rdc8 27. Nb3 Nd7
28. Nd4 Ne5 29. Rxc3 Rxc3 30. a4 Nd3+ 31. Bxd3 Rxd3 32. axb5 axb5 33. Nf3 Rb3
34. Ra6 Rxb4 35. Ke3 Rb3+ 36. Kf4 Rb4 37. Rxd6 f5 38. Ng5 fxe4 39. Re6 e3+ 40.
Kxe3 Bd7 41. Re7+ Kf6 42. Rxd7 Kxg5 43. Rf7 Rb1 44. d6 Rd1 45. Rb7 1/2-1/2

[Event "Elit(Eksjo-LASK)"]
[Site "?"]
[Date "2015.01.17"]
[Round "4"]
[White "Malesevic, Nedeljko"]
[Black "Tari, Aryan"]
[Result "0-1"]
[WhiteElo "2265"]
[BlackElo "2487"]
[PlyCount "86"]
[EventDate "2015.??.??"]

1. d4 Nf6 2. c4 e6 3. Nf3 b6 4. g3 Ba6 5. Qa4 Bb7 6. Bg2 c5 7. O-O Bc6 8. Qd1
cxd4 9. Nxd4 Bxg2 10. Kxg2 Qc8 11. b3 Be7 12. Bb2 O-O 13. Nc3 d6 14. Kg1 Nbd7
15. Rc1 Rd8 16. e4 Qb7 17. Qe2 Rac8 18. Rcd1 a6 19. Nf3 b5 20. cxb5 axb5 21.
Qxb5 Qxb5 22. Nxb5 Nxe4 23. Nd2 Nxd2 24. Rxd2 d5 25. Rb1 f6 26. Kf1 Kf7 27. Ba3
Bxa3 28. Nxa3 Ne5 29. Ke2 d4 30. h3 g5 31. Nb5 d3+ 32. Ke3 g4 33. hxg4 Nxg4+
34. Kf3 f5 35. a4 e5 36. Na3 e4+ 37. Kg2 Ne5 38. a5 f4 39. Nc4 Nxc4 40. bxc4 e3
41. fxe3 fxe3 42. Rf1+ Kg7 43. Rb2 e2 0-1

[Event "Elit(Eksjo-LASK)"]
[Site "?"]
[Date "2015.01.17"]
[Round "4"]
[White "Vernersson, Per"]
[Black "Smith, Axel"]
[Result "1/2-1/2"]
[WhiteElo "2310"]
[BlackElo "2483"]
[PlyCount "142"]

1. d4 Nf6 2. c4 g6 3. Nc3 d5 4. Nf3 Bg7 5. Bg5 dxc4 6. e4 c5 7. dxc5 Qa5 8. Nd2
Be6 9. Qa4+ Nc6 10. Qxa5 Nxa5 11. Rc1 Rc8 12. Na4 Bd7 13. Nc3 Be6 14. Na4 O-O
15. Be2 h6 16. Be3 Ng4 17. Bxg4 Bxg4 18. f3 Be6 19. Kf2 Rfd8 20. Rhd1 Nc6 21.
Ke2 Nb4 22. a3 Nd3 23. Rc2 Nxb2 24. Nxb2 c3 25. Nbc4 cxd2 26. Rdxd2 Rxd2+ 27.
Kxd2 Rc7 28. Na5 g5 29. Bf2 f5 30. h3 fxe4 31. fxe4 Be5 32. Nc4 Bf4+ 33. Kd3
Kf7 34. Bd4 Ke8 35. Ne3 Rd7 36. Kc3 Bf7 37. Ng4 Bg6 38. Re2 b6 39. cxb6 axb6
40. Nxh6 Ra7 41. Kb3 Rd7 42. Bc3 Rd3 43. Kc2 Rd5 44. a4 Kd8 45. Ng4 Rc5 46. Kd3
Rd5+ 47. Kc2 Rc5 48. Kb3 Bf7+ 49. Kb2 Rc4 50. Ne5 Bxe5 51. Bxe5 Rxa4 52. Kc2 b5
53. Bb2 b4 54. Rf2 b3+ 55. Kc3 Ke8 56. Kd3 Ra6 57. Rf5 Rd6+ 58. Ke3 Rc6 59. Bd4
Rc2 60. Rxg5 Bc4 61. Rc5 Bf1 62. Rxc2 bxc2 63. Kd2 Bxg2 64. Kxc2 Bxh3 65. Kd3
Kd7 66. Ke3 Kd6 67. Bb2 e5 68. Bc3 Bd7 69. Bb2 Ke6 70. Ba1 Bc6 71. Bb2 Bb7
1/2-1/2

[Event "Elit(Eksjo-LASK)"]
[Site "?"]
[Date "2015.01.17"]
[Round "4"]
[White "Semcesen, Daniel"]
[Black "Al-Saadi, Ali Ghazi"]
[Result "1-0"]
[WhiteElo "2474"]
[BlackElo "2127"]
[PlyCount "99"]

1. d4 Nf6 2. c4 c5 3. d5 b5 4. Nf3 Bb7 5. Qc2 g6 6. e4 d6 7. cxb5 Bg7 8. Nc3
O-O 9. Be2 a6 10. O-O axb5 11. Bxb5 Na6 12. Qe2 Nc7 13. Bd3 Qd7 14. Bd2 Rfb8
15. Rab1 Qd8 16. b3 Nd7 17. a4 Ba6 18. Rfc1 Rb7 19. Be3 Bxd3 20. Qxd3 Rab8 21.
Nd2 h6 22. h3 Rb6 23. Qf1 Qc8 24. f3 Qa6 25. Qxa6 Rxa6 26. Kf1 Kf8 27. Ke2 Ke8
28. Nc4 Bxc3 29. Rxc3 Rxa4 30. bxa4 Rxb1 31. Bxh6 Nb6 32. Nxb6 Rxb6 33. Bd2 Ra6
34. Ra3 e6 35. dxe6 fxe6 36. a5 Nb5 37. Ra2 Kd7 38. h4 d5 39. g4 c4 40. Bb4 d4
41. f4 e5 42. f5 gxf5 43. exf5 e4 44. g5 c3 45. g6 Ke8 46. Ra1 d3+ 47. Ke3 Nd6
48. Bxc3 Nxf5+ 49. Kxe4 Nxh4 50. g7 1-0

[Event "Elit(Eksjo-LASK)"]
[Site "?"]
[Date "2015.01.17"]
[Round "4"]
[White "Gustafsson, Fredrik"]
[Black "Nilsson, Sebastian"]
[Result "1-0"]
[WhiteElo "2166"]
[BlackElo "2321"]
[PlyCount "57"]

1. e4 c5 2. Nc3 a6 3. g3 b5 4. Bg2 Bb7 5. d3 e6 6. Nf3 d6 7. O-O Nf6 8. Qe2 Nc6
9. Be3 Qc7 10. Nh4 Be7 11. f4 O-O 12. g4 b4 13. Nd1 Nd4 14. Bxd4 cxd4 15. g5
Nd7 16. Rf2 Rfc8 17. Bh3 d5 18. e5 a5 19. Rg2 Ra6 20. Nf3 Bc5 21. Nf2 Rc6 22.
Ng4 Nf8 23. Rf1 Ng6 24. Ne1 Nh4 25. Rg3 Nf5 26. Nf6+ Kf8 27. Bxf5 exf5 28. Qh5
g6 29. Qh6+ 1-0

[Event "Elit(Farsta-Vasteras)"]
[Site "?"]
[Date "2015.01.17"]
[Round "4"]
[White "Sjodahl, Pontus"]
[Black "Sammalvuo, Tapani"]
[Result "0-1"]
[WhiteElo "2435"]
[BlackElo "2455"]
[PlyCount "74"]
[SourceDate "2015.01.21"]

1. d4 Nf6 2. c4 e6 3. Nc3 Bb4 4. e3 O-O 5. Nge2 d5 6. a3 Be7 7. cxd5 exd5 8.
Nf4 c6 9. Bd3 Bd6 10. O-O Re8 11. f3 b6 12. b4 Bb7 13. Rb1 a5 14. Rf2 Re7 15.
e4 dxe4 16. fxe4 Bxf4 17. Bxf4 axb4 18. axb4 Qxd4 19. e5 Rd7 20. exf6 Qxd3 21.
Qe1 Na6 22. fxg7 c5 23. Rd1 Qf5 24. Bd6 Qg6 25. bxc5 Nxc5 26. Bg3 Rxd1 27. Qxd1
Qxg7 28. Rd2 Ne6 29. Rd3 h5 30. h4 Rc8 31. Qd2 Rc4 32. Kh2 Rg4 33. Qf2 Qg6 34.
Re3 Bc6 35. Ne2 b5 36. Rc3 Be4 37. Rc8+ Kh7 0-1